Szczegóły MARC21

Zanieczyszczenia mórz i oceanów : źródła i substancje /

003 -Nazwa inst., której nr kontr. jest w polu 001 [,]
    • @
    • Nazwa instytucji, której n kontrolny jest w polu 001
    • NUKAT
005 -DATA I CZAS OSTATNIEJ MODYFIKACJI [,]
    • @
    • pole kontrolne
    • 20251106190815.0
020 -Międzynarod. znormalizowany nr książki - ISBN [ , ]
    • a
    • Numer ISBN
    • 8372413819 Find
040 -Instytucja sporządzająca opis [ , ]
    • a
    • Instytucja, która sporządziła opis (NP)
    • Ł U/GS
    • c
    • Instytucja, która sporządziła rekord (NP)
    • Ł U/GS
    • d
    • Instytucja, która zmodyfikowała rekord (P)
    • Ł U/MK
    • d
    • Instytucja, która zmodyfikowała rekord (P)
    • Ł U/TKs
041 -Język dokumentu [0, ]
    • a
    • Język tekstu (P)
    • polski
    • b
    • Język streszczeń lub abstraktu (P)
    • angielski
942 -Rodzaj dokumentu [ , ]
    • c
    • Rodzaj dokumentu
    • Książka
100 -Hasło główne - nazwa osobowa [1, ]
    • a
    • Nazwa osobowa (NP)
    • Wawrzyniak, Wawrzyniec
    • d
    • Daty biograficzne (NP)
    • (1951- ).
    • 9
    • KHW
    • 256772
245 -Strefa tytułu i oznaczenia odpowiedzialności [1,0]
    • a
    • Tytuł
    • Zanieczyszczenia mórz i oceanów : Find
    • b
    • Ciąg dalszy tytułu (NP)
    • źródła i substancje / Find
    • c
    • Pozostałe elementy strefy tytułu i oznaczenia odpowiedzialności (NP)
    • Wawrzyniec Wawrzyniak.
260 -Strefa adresu wydawniczego [ , ]
    • a
    • Miejsce wydania (P)
    • Szczecin :
    • b
    • Nazwa wydawcy (P)
    • Wydaw. Naukowe US,
    • c
    • Data wydania (P)
    • 2004.
300 -Strefa opisu fizycznego [ , ]
    • a
    • Określenie formy książki i/lub objętość (NP)
    • 138 s. :
    • b
    • Oznaczenie ilustracji (NP)
    • mapa, wykr. ;
    • c
    • Format (NP)
    • 25 cm.
336 -Typ zawartości [ , ]
    • a
    • Termin opisujący typ zawartości
    • Tekst
    • b
    • Kod określający zawartość
    • txt
    • 2
    • Źródło (terminu i kodu)
    • rdacontent
337 -Typ mediów [ , ]
    • a
    • Tryb odtwarzania
    • Bez urządzenia pośredniczącego
    • b
    • Kod typu mediów
    • n
    • 2
    • Źródło (terminu i kodu)
    • rdamedia
338 -Typ/rodzaj nośnika [ , ]
    • a
    • Hasło opisujące typ nośnika
    • Wolumin
    • b
    • Kod typu nośnika
    • nc
    • 2
    • Źródło (terminu i kodu)
    • rdacarrier
380 -Deskryptor - Forma dzieła (P) [ , ]
    • a
    • forma dzieła (NP)
    • Książki
490 -Strefa serii i książki wielotomowej - forma nie do wyszukiwania [1, ]
    • a
    • Tytuł (P)
    • Rozprawy i Studia / Uniwersytet Szczeciński, Find
    • x
    • ISSN (NP)
    • 0860-2751 ;
    • v
    • Numeracja (P)
    • t. (584) 510
830 -Hasło dodatkowe serii i opisu książki wielotomowej - tytuł ujednolicony/tytuł [ ,0]
    • a
    • Tytuł ujednolicony/tytuł (NP)
    • Rozprawy i Studia - Uniwersytet Szczeciński
    • x
    • ISSN
    • 0860-2751
    • v
    • Oznaczenie tomu (NP)
    • t. 510
    • 9
    • KHW
    • 700
504 -Uwaga dot. bibliogr. załącznikowej [ , ]
    • a
    • Uwaga dot. bibliografii załącznikowej
    • Bibliogr. s. 132-136.
546 -Uwaga dot. języka [ , ]
    • a
    • Uwaga dot. języka
    • Streszcz. ang.
080 -Uniwersalna Klasyfikacja Dziesiętna [ , ]
    • a
    • Symbol klasyfikacji
    • 551.46
    • 9
    • UKD
    • 4266
    • 2
    • Identyfikator wydania tablic
    • UDC-P058
    • b
    • Dopowiedzenie
    • Oceanografia fizyczna. Topografia i morfologia dna morskiego. Właściwości fizyczne i chemiczne wody morskiej. Biochemia i geochemia morza. Prądy i fale morskie. Pływy morskie (przypływy i odpływy).
080 -Uniwersalna Klasyfikacja Dziesiętna [ , ]
    • a
    • Symbol klasyfikacji
    • :504.4
080 -Uniwersalna Klasyfikacja Dziesiętna [ , ]
    • a
    • Symbol klasyfikacji
    • :628.5
080 -Uniwersalna Klasyfikacja Dziesiętna [ , ]
    • a
    • Symbol klasyfikacji
    • :656.1
650 -Hasło przedmiotowe [ ,7]
    • a
    • Hasło przedmiotowe
    • Morza
    • 2
    • Źródło terminu
    • DBN
    • 9
    • KHW
    • 735748
650 -Hasło przedmiotowe [ ,7]
    • a
    • Hasło przedmiotowe
    • Oceanologia
    • 2
    • Źródło terminu
    • DBN
    • 9
    • KHW
    • 736227
650 -Hasło przedmiotowe [ ,7]
    • a
    • Hasło przedmiotowe
    • Ochrona środowiska
    • 2
    • Źródło terminu
    • DBN
    • 9
    • KHW
    • 721752
650 -Hasło przedmiotowe [ ,7]
    • a
    • Hasło przedmiotowe
    • Substancje niebezpieczne i szkodliwe
    • 2
    • Źródło terminu
    • DBN
    • 9
    • KHW
    • 738168
650 -Hasło przedmiotowe [ ,7]
    • a
    • Hasło przedmiotowe
    • Zanieczyszczenia wody
    • 2
    • Źródło terminu
    • DBN
    • 9
    • KHW
    • 738199
650 -Hasło przedmiotowe [ ,7]
    • a
    • Hasło przedmiotowe
    • Zanieczyszczenie mórz.
    • 2
    • Źródło terminu
    • kaba
    • 9
    • KHW
    • 119928
650 -Hasło przedmiotowe [ ,7]
    • a
    • Hasło przedmiotowe
    • Zanieczyszczenie mórz
    • z
    • Określnik geograficzny
    • Bałtyk (morze).
    • 2
    • Źródło terminu
    • kaba
    • 9
    • KHW
    • 366129
650 -Hasło przedmiotowe [ ,7]
    • a
    • Hasło przedmiotowe
    • Morze
    • x
    • Określnik rzeczowy
    • zawartość polutantów.
    • 2
    • Źródło terminu
    • kaba
    • 9
    • KHW
    • 738136
658 -Ujęcie treści [ , ]
    • a
    • dziedzina nauki i sztuki/ sfera aktywności życiowej
    • Ochrona środowiska
980 -Symbol UKD [ , ]
    • a
    • UKD
    • 551.46:504.4:628.5:656.1
710 -Hasło dodatkowe - nazwa ciała zbiorowego [2, ]
    • a
    • Nazwa ciała zbiorowego lub nazwa geograficzna jako pierwszy element (NP)
    • Uniwersytet Szczeciński.
    • b
    • Nazwa jednostki podrzędnej (P)
    • Wydawnictwo Naukowe.
    • 4
    • Kod relacji
    • pbl
    • 9
    • KHW
    • 51208
920 -ISBN [ , ]
    • a
    • ISBN
    • 83-7241-381-9 Find
Numer inwentarzowy Status udost. Lokalizacja Data inwentaryzacji Sygnatura
Z.1042551BG2005-03-09Z.104255
Bl.10424-3BG2005-03-09